| 000 | 00903nam a22002297a 4500 | ||
|---|---|---|---|
| 005 | 20240530110446.0 | ||
| 008 | 150428s2012 ua a g 000 0 ara d | ||
| 017 |
_a2011/20454 _bمصر . دار الكتب المصرية |
||
| 020 | _a9789772070183 | ||
| 040 | _aEG-CaGPL | ||
| 082 | 0 | 4 |
_221 _a214\ _bم ث |
| 245 | 0 | 2 |
_aالثقافة الاسلامية و الحياة المعاصرة / _cجمع محمد خلف الله ؛ تقديم حسين نصار. |
| 260 |
_aالقاهرة : _bالهيئة المصرية العامة للكتاب ، _c2012. |
||
| 300 |
_a575 ص ؛ _c24 سم. |
||
| 650 | 0 | 4 | _aالثقافة الاسلامية. |
| 650 | 0 | 4 | _aالاسلام والغرب. |
| 650 | 0 | 4 | _aالاسلام والمسيحية. |
| 700 | 0 |
_aمحمد خلف الله. _eتجميع |
|
| 700 | 0 |
_aحسين نصار. _eمقدم |
|
| 942 |
_2ddc _cBK |
||
| 999 |
_c61151 _d61151 |
||